[Event "Alma-Ata m2"]
[Site "Alma Ata KAZ"]
[Date "1995.??.??"]
[Round "?"]
[White "Karpov, Anatoly"]
[Black "Tkachiev, Vladislav"]
[Result "0-1"]
[WhiteElo "2765"]
[BlackElo "2575"]
[PlyCount "58"]
[EventDate "1995.??.??"]
[Source "www.chesslib.no"]
[SourceDate "2004.05.04"]

1. d4 Nf6 2. Nf3 g6 3. g3 Bg7 4. Bg2 O-O 5. O-O d6 6. Nbd2 Nbd7 7. e4 e5 8. c3 b6 9. Re1 Re8 10. Qc2 Bb7 11. a4 a6 12. b3 d5 13. dxe5 Nxe4 14. Nxe4 dxe4 15. Bg5 Qc8 16. Nd2 e3 17. Rxe3 Bxg2 18. Kxg2 Rxe5 19. Rae1 Qb7+ 20. Nf3 Rxg5 21. Re8+ Rxe8 22. Rxe8+ Nf8 23. Qe2 Rf5 24. c4 Bf6 25. h3 Kg7 26. g4 Rf4 27. Qe3 Ne6 28. Kg3 Rxf3+ 29. Qxf3 Bh4+ 0-1

[Event "Rubinstein mem"]
[Site "?"]
[Date "1997.08.22"]
[Round "4"]
[White "Malaniuk Vladimir P"]
[Black "Gelfand Boris"]
[Result "1/2-1/2"]
[WhiteElo "2615"]
[BlackElo "2695"]
[PlyCount "29"]
[EventDate "1997.??.??"]
[Source "www.chesslib.no"]
[SourceDate "2004.05.04"]

1. d4 Nf6 2. Nf3 g6 3. g3 Bg7 4. Bg2 O-O 5. O-O d6 6. Nc3 Nbd7 7. a4 a5 8. e4 e5 9. Re1 Re8 10. h3 c6 11. Be3 exd4 12. Bxd4 Rb8 13. Ba7 Ra8 14. Bd4 Rb8 15. Ba7 1/2-1/2

[Event "FRA-chT"]
[Site "France"]
[Date "2002.05.03"]
[Round "10.1"]
[White "Nikolic, Predrag"]
[Black "Tkachiev, Vladislav"]
[Result "1/2-1/2"]
[WhiteElo "2653"]
[BlackElo "2634"]
[PlyCount "58"]
[EventDate "2002.02.01"]
[Source "ChessBase"]
[SourceDate "2002.07.08"]

1. d4 Nf6 2. Nf3 g6 3. g3 Bg7 4. Bg2 d5 5. O-O c6 6. b3 O-O 7. Bb2 c5 8. dxc5 Qa5 9. Na3 Qxc5 10. c4 dxc4 11. Nxc4 Nc6 12. Qc1 Be6 13. Nce5 Qxc1 14. Raxc1 Bd5 15. Nxc6 Bxc6 16. Ne5 Bxg2 17. Kxg2 Rfc8 18. Rfd1 Ne4 19. f4 Nd6 20. Kf3 Rxc1 21. Rxc1 Rc8 22. Rxc8+ Nxc8 23. Bd4 Kf8 24. Ke4 Ke8 25. Nc4 Bxd4 26. Kxd4 Kd7 27. Ne5+ Ke6 28. e4 Nd6 29. g4 Nb5+ 1/2-1/2

[Event "Neum"]
[Site "?"]
[Date "2000.??.??"]
[Round "?"]
[White "Bauer, Ch"]
[Black "Ivanchuk, V."]
[Result "1-0"]
[WhiteElo "2560"]
[BlackElo "2715"]
[PlyCount "95"]
[EventDate "2000.??.??"]
[Source "Chess Informant"]
[SourceDate "2000.06.01"]

1. d4 Nf6 2. Nf3 g6 3. g3 Bg7 4. Bg2 O-O 5. O-O d6 6. Nc3 Nc6 7. d5 Na5 8. h3 c6 9. e4 Bd7 10. Qe2 cxd5 11. exd5 Rc8 12. Rd1 Re8 13. Nd4 Qb6 14. a4 a6 15. Ra2 h5 16. Qd3 Qc5 17. Be3 Qb4 18. Nce2 Nc4 19. c3 Qb6 20. Bc1 Rc5 21. Nf4 Ne5 22. Qe2 Qc7 23. Be3 Nc4 24. Nb3 Nxe3 25. Nxc5 Nxd1 26. Nxd7 Nxd7 27. Qxd1 Ne5 28. a5 Rb8 29. Bf1 Bh6 30. Nd3 Qc4 31. Nb4 Qc5 32. Ra1 Rc8 33. Qe2 f5 34. Kg2 f4 35. gxf4 Bxf4 36. Qe4 Bh6 37. f4 Nc4 38. Qxg6+ Bg7 39. Qe6+ Kh8 40. Bxc4 Qxc4 41. Kf3 Rf8 42. Qe4 Qb3 43. Nd3 Qc2 44. Rg1 Qh2 45. Qg6 Qxh3+ 46. Ke2 Rg8 47. Rg5 Qh2+ 48. Nf2 1-0

[Event "Sigeman & Co"]
[Site "Malmo"]
[Date "1998.06.10"]
[Round "2"]
[White "Andersson, Ulf"]
[Black "Sokolov, Ivan"]
[Result "1/2-1/2"]
[WhiteElo "2635"]
[BlackElo "2625"]
[PlyCount "45"]
[EventDate "1998.06.09"]
[Source "ChessBase"]
[SourceDate "1998.09.30"]

1. d4 Nf6 2. Nf3 g6 3. g3 Bg7 4. Bg2 O-O 5. O-O d6 6. Re1 c5 7. c3 Ne4 8. Nbd2 Nxd2 9. Bxd2 cxd4 10. cxd4 Nc6 11. Bc3 Qb6 12. Qd2 Bd7 13. h4 d5 14. Rac1 a5 15. e3 Rfd8 16. Ne5 Be8 17. Nxc6 Bxc6 18. h5 e6 19. hxg6 hxg6 20. Bf3 e5 21. Kg2 e4 22. Be2 Bb5 23. Rh1 1/2-1/2

[Event "Roquebrune"]
[Site "Roquebrune"]
[Date "1992.??.??"]
[Round "?"]
[White "Polugaevsky, Lev"]
[Black "Piket, Jeroen"]
[Result "1-0"]
[WhiteElo "2630"]
[BlackElo "2615"]
[PlyCount "109"]
[EventDate "1992.02.??"]
[Source "ChessBase"]

1. Nf3 Nf6 2. d4 g6 3. g3 Bg7 4. Bg2 O-O 5. O-O d6 6. Nbd2 Nbd7 7. e4 e5 8. dxe5 dxe5 9. b3 Re8 10. Bb2 a5 11. a4 b6 12. Nc4 Ba6 13. Qe2 Qe7 14. Rfd1 Qe6 15. Bf1 h6 16. Qe3 Ng4 17. Qe1 Bb7 18. Bh3 h5 19. Bg2 f6 20. Nh4 Nf8 21. h3 Nh6 22. Ne3 Rad8 23. Nd5 Rd7 24. Rd2 g5 25. Nf5 Nxf5 26. exf5 Qxf5 27. Ne3 Qe6 28. Bxb7 c6 29. Ba6 Qxh3 30. Bc4+ Kh8 31. Rad1 Rde7 32. Qf1 Qc8 33. Qg2 e4 34. Qh2 h4 35. gxh4 g4 36. h5 Bh6 37. Kh1 Nh7 38. Rg1 Rg7 39. Rd6 Rf8 40. Qh4 Qc7 41. Rdd1 g3 42. Ng4 Bg5 43. Qxg3 Bf4 44. Qh4 Bg5 45. Qh3 Qf4 46. Qg3 Qf5 47. Ne3 Qc8 48. Qg4 Qc7 49. Nf5 Rd7 50. Rxd7 Qxd7 51. Rd1 Qe8 52. Be2 e3 53. fxe3 Rg8 54. Qf3 Bh4 55. Nxh4 1-0

[Event "Groningen PCA"]
[Site "Groningen"]
[Date "1993.??.??"]
[Round "11"]
[White "Gulko, Boris F"]
[Black "Sokolov, Ivan"]
[Result "1/2-1/2"]
[WhiteElo "2635"]
[BlackElo "2610"]
[PlyCount "111"]
[EventDate "1993.12.??"]
[Source "ChessBase"]

1. d4 Nf6 2. Nf3 g6 3. g3 Bg7 4. Bg2 O-O 5. O-O d6 6. b3 c6 7. Bb2 b5 8. Nbd2 Nbd7 9. e4 Rb8 10. Re1 Nb6 11. Qe2 a5 12. h3 Qc7 13. Rac1 Qa7 14. a3 b4 15. c4 bxc3 16. Bxc3 Bh6 17. Bf1 d5 18. exd5 Nbxd5 19. Ba1 Rb6 20. Rc5 Nd7 21. Rc2 Ba6 22. Qe4 N7f6 23. Qe5 Bxf1 24. Kxf1 Qd7 25. Kg2 Nh5 26. Rh1 f6 27. Qe4 f5 28. Qe5 Rf6 29. Re1 Bf4 30. gxf4 Nhxf4+ 31. Kg3 Re6 32. Qxf4 Nxf4 33. Kxf4 Rxe1 34. Nxe1 Qd6+ 35. Kf3 Qxa3 36. Bc3 Rxb3 37. Nxb3 Qxb3 38. Ke2 a4 39. Kd2 a3 40. Nd3 g5 41. Ne5 a2 42. Nxc6 e6 43. Rc1 Kg7 44. Nb4 Kg6 45. Ra1 Kh5 46. Rxa2 Kh4 47. Ra7 h5 48. Rg7 f4 49. f3 Qb1 50. Nd3 Qf1 51. Kc2 Qg2+ 52. Bd2 Qe2 53. Rg8 Qxf3 54. Be1+ Kxh3 55. Rxg5 h4 56. Nf2+ 1/2-1/2

[Event "Hastings Premier 9798"]
[Site "Hastings"]
[Date "1998.01.03"]
[Round "5"]
[White "Sadler, Matthew"]
[Black "Hebden, Mark"]
[Result "1-0"]
[WhiteElo "2665"]
[BlackElo "2575"]
[PlyCount "161"]
[EventDate "1997.12.29"]
[Source "ChessBase"]
[SourceDate "1998.04.09"]

1. d4 Nf6 2. Nf3 g6 3. g3 Bg7 4. Bg2 O-O 5. O-O d6 6. Re1 c5 7. c3 Bf5 8. Nbd2 cxd4 9. Nxd4 Bc8 10. e4 Nbd7 11. Nc4 a6 12. a4 Ne5 13. Ne3 Nfd7 14. Qc2 Nc6 15. Nb3 Rb8 16. a5 Nf6 17. Nd5 Be6 18. h3 Nd7 19. Qe2 Rc8 20. Bg5 h6 21. Be3 Nce5 22. Bd4 Re8 23. Nd2 Bxd5 24. exd5 Qc7 25. b3 Nf6 26. c4 Ned7 27. b4 Nh7 28. Bxg7 Kxg7 29. Qd3 Nhf6 30. Qd4 b6 31. axb6 Qxb6 32. Qxb6 Nxb6 33. Bf1 Ra8 34. Nb3 Kf8 35. Na5 Rec8 36. f4 Rc7 37. Rad1 Nc8 38. Bg2 Na7 39. Rd2 Rb8 40. Rb1 Nd7 41. Rb3 Nb6 42. Rd4 Rbc8 43. Bf1 Rb8 44. Kf2 Nd7 45. Be2 Rd8 46. Bf3 Nf6 47. Rd1 Rdc8 48. Rd4 Nd7 49. Ke3 Rb8 50. Kd2 Rb6 51. Re4 Rb8 52. Rd4 Rb6 53. Re4 Rb8 54. Be2 Rb6 55. Bd3 Rc8 56. Re3 Nf6 57. Re1 Rcb8 58. Kc3 Rc8 59. Kb2 Rcb8 60. Ka3 Rc8 61. Bf1 Rcb8 62. Bg2 Nd7 63. Ka4 Ke8 64. Ree3 Kd8 65. Bf3 Rc8 66. Ka3 Nf8 67. h4 h5 68. g4 hxg4 69. Bxg4 Rc7 70. Rb2 e6 71. Rbe2 Ke7 72. dxe6 Nc6 73. exf7+ Kxf7 74. Nxc6 Rbxc6 75. Bf3 Rb6 76. Bd5+ Kf6 77. Re8 Nh7 78. Ka4 Kf5 79. Ka5 Rbc6 80. Bxc6 Rxc6 81. R2e7 1-0

[Event "ch-SRB"]
[Site "Mataruska Banja SRB"]
[Date "2008.03.17"]
[Round "3"]
[White "Markus, Rob"]
[Black "Ivanisevic, I."]
[Result "1/2-1/2"]
[WhiteElo "2575"]
[BlackElo "2649"]
[PlyCount "60"]
[EventDate "2008.03.15"]
[Source "www.chesslib.no"]
[SourceDate "2004.05.04"]

1. Nf3 Nf6 2. g3 g6 3. Bg2 Bg7 4. O-O O-O 5. d4 c5 6. d5 b5 7. Re1 Bb7 8. e4 e6 9. dxe6 dxe6 10. Qe2 Nxe4 11. Nfd2 Nd6 12. Bxb7 Nxb7 13. Qxb5 Qb6 14. Qe2 Nc6 15. c3 Ne5 16. Na3 Rad8 17. Ndc4 Nxc4 18. Nxc4 Qa6 19. Bg5 Rd5 20. h4 h6 21. Bf4 Na5 22. Nxa5 Qxa5 23. Qc4 Rfd8 24. Be3 R8d7 25. Rac1 Bf8 26. Rc2 Qc7 27. Kh2 Qe5 28. Rce2 Qh5 29. Kg2 Rd3 30. Qe4 Qd5 1/2-1/2

[Event "Clermont Ferrand"]
[Site "Clermont Ferrand"]
[Date "1989.??.??"]
[Round "?"]
[White "Andersson, Ulf"]
[Black "Spraggett, Kevin"]
[Result "1-0"]
[WhiteElo "2635"]
[BlackElo "2585"]
[PlyCount "197"]
[EventDate "1989.07.??"]
[Source "ChessBase"]

1. Nf3 d6 2. d4 Nf6 3. g3 g6 4. b3 Bg7 5. Bb2 O-O 6. Bg2 Nbd7 7. O-O e5 8. dxe5 Ng4 9. Qd2 dxe5 10. e4 Re8 11. a4 f6 12. Rd1 Qe7 13. Nc3 Nf8 14. a5 a6 15. Bf1 Be6 16. Ba3 Qf7 17. Na4 Nd7 18. Nb2 Bh6 19. Qe1 Bf8 20. Bc4 Bxa3 21. Rxa3 Bxc4 22. Nxc4 Nf8 23. Raa1 Ne6 24. Kg2 Qe7 25. Rd2 Nh6 26. Rad1 Red8 27. Ne3 c6 28. Nc4 Nf7 29. h4 h5 30. Rxd8+ Rxd8 31. Rxd8+ Nfxd8 32. Qe3 Nf7 33. Ne1 Qd7 34. Nd3 Nd4 35. Nb6 Qe7 36. Qd2 Kg7 37. b4 Nd6 38. Nc5 Ne6 39. Nba4 Nxc5 40. Nxc5 Kh7 41. f3 g5 42. hxg5 fxg5 43. f4 gxf4 44. gxf4 Qg7+ 45. Kh1 Qg3 46. fxe5 Qh3+ 47. Kg1 Qg3+ 48. Kh1 Qh3+ 49. Kg1 Qg3+ 50. Kf1 Qxe5 51. Qd3 Qf4+ 52. Kg2 Qg4+ 53. Kf2 Qh4+ 54. Kg2 Qg4+ 55. Kf2 Qh4+ 56. Ke3 Qg3+ 57. Ke2 Qh2+ 58. Ke1 Qh4+ 59. Kd1 Qh1+ 60. Kd2 Qh2+ 61. Kc1 Qf4+ 62. Kb1 h4 63. e5+ Nf5 64. Qd7+ Kh6 65. Nd3 Qf3 66. Qe6+ Kh5 67. Qe8+ Kg5 68. Qg8+ Kh5 69. e6 Qe4 70. Qe8+ Kg5 71. Qd8+ Kh6 72. Qf6+ Kh5 73. Kb2 h3 74. Qh8+ Kg5 75. Qxh3 Qxe6 76. Qh7 Qf6+ 77. Kb1 Nd6 78. Nc5 Qf1+ 79. Kb2 Qf6+ 80. Kb1 Qf1+ 81. Kb2 Qf6+ 82. Ka2 Kg4 83. Qc7 Kf3 84. Qd7 Qf4 85. Qh3+ Ke2 86. Qd3+ Ke1 87. Kb3 Qf7+ 88. c4 Qe7 89. Qg3+ Ke2 90. Qg4+ Kf1 91. Qf3+ Kg1 92. Qg3+ Kh1 93. Qh3+ Kg1 94. Qg3+ Kh1 95. Nd3 Ne4 96. Qh3+ Kg1 97. Qe3+ Kh2 98. Nf2 b5 99. Nxe4 1-0

[Event "JUG-chT"]
[Site "Novi Sad"]
[Date "2000.08.28"]
[Round "5"]
[White "Zvjaginsev, Vadim"]
[Black "Nevednichy, Vladislav"]
[Result "1/2-1/2"]
[WhiteElo "2634"]
[BlackElo "2582"]
[PlyCount "43"]
[EventDate "2000.08.24"]
[Source "www.chesslib.no"]
[SourceDate "2004.05.04"]

1. d4 Nf6 2. Nf3 g6 3. g3 Bg7 4. Bg2 O-O 5. O-O d6 6. Nc3 d5 7. Re1 c6 8. e4 Bg4 9. Bg5 h6 10. Bf4 g5 11. Bd2 Nbd7 12. h3 Bh5 13. exd5 cxd5 14. g4 Bg6 15. Ne5 Nxe5 16. dxe5 Nd7 17. Nxd5 e6 18. Ba5 Qxa5 19. Ne7+ Kh7 20. Qxd7 Bxc2 21. Rec1 Ba4 22. Qxb7 1/2-1/2

[Event "7th Amplico AIG Life Final"]
[Site "Warsaw POL"]
[Date "2007.12.16"]
[Round "2"]
[White "Aleksandrov, A."]
[Black "Markowski, T."]
[Result "1/2-1/2"]
[WhiteElo "2614"]
[BlackElo "2584"]
[PlyCount "106"]
[EventDate "2007.12.16"]
[Source "www.chesslib.no"]
[SourceDate "2004.05.04"]

1. d4 c5 2. c3 Nf6 3. Nf3 b6 4. g3 Bb7 5. Bg2 g6 6. O-O Bg7 7. Bg5 d6 8. Nbd2 Nbd7 9. Re1 O-O 10. e4 cxd4 11. cxd4 h6 12. Bxf6 Nxf6 13. Qb3 e6 14. a4 Rb8 15. Rad1 Qd7 16. Qa3 Rfc8 17. e5 Ne8 18. Ne4 Bf8 19. exd6 Bxe4 20. Rxe4 Qxd6 21. Qb3 Nf6 22. Re2 Rc7 23. Ne5 Kg7 24. Rc2 Rbc8 25. Rxc7 Rxc7 26. h3 Be7 27. Nc4 Qd8 28. Ne3 Ne8 29. h4 h5 30. Qb5 Nd6 31. Qa6 Bf6 32. b4 Qd7 33. Bh3 Qe7 34. Qd3 Qe8 35. b5 a6 36. Qa3 Nc4 37. Nxc4 Rxc4 38. Bf1 Rxd4 39. Rxd4 Bxd4 40. bxa6 Qd7 41. Qb3 e5 42. Bg2 Qa7 43. Qb5 Qe7 44. Qd5 b5 45. axb5 Qb4 46. Qa2 Qe1+ 47. Bf1 Qc3 48. Kh2 Qf3 49. Bg2 Qxf2 50. Qxf2 Bxf2 51. Bc6 f5 52. Kg2 Bb6 53. Be8 Kf6 1/2-1/2

[Event "Groningen"]
[Site "Groningen"]
[Date "1991.??.??"]
[Round "2"]
[White "Hansen, Curt"]
[Black "Piket, Jeroen"]
[Result "1/2-1/2"]
[WhiteElo "2600"]
[BlackElo "2590"]
[PlyCount "33"]
[EventDate "1991.12.??"]
[Source "ChessBase"]

1. d4 Nf6 2. Nf3 g6 3. g3 Bg7 4. Bg2 O-O 5. O-O d6 6. a4 Na6 7. b3 c5 8. Bb2 Bf5 9. Na3 Qd7 10. Re1 Rfe8 11. Qd2 h6 12. Rad1 Rad8 13. Nb5 Nb4 14. c3 Nc2 15. Rf1 a6 16. Na3 Nxa3 17. Bxa3 1/2-1/2

[Event "It, Villa Martelli ARG"]
[Site "?"]
[Date "1997.??.??"]
[Round "?"]
[White "Tkachiev, V."]
[Black "Sutovskij, E."]
[Result "1/2-1/2"]
[WhiteElo "2630"]
[BlackElo "2560"]
[PlyCount "24"]
[EventDate "1997.??.??"]
[Source "www.chesslib.no"]
[SourceDate "2004.05.04"]

1. d4 Nf6 2. Nf3 g6 3. g3 Bg7 4. Bg2 O-O 5. O-O d6 6. Nc3 d5 7. Re1 Bf5 8. Nh4 Be6 9. e4 Nxe4 10. Nxe4 dxe4 11. Bxe4 c6 12. c3 Bd5 1/2-1/2

[Event "Tournament (candidates)"]
[Site "?"]
[Date "1962.??.??"]
[Round "15"]
[White "Benko Pal C"]
[Black "Fischer Robert J"]
[Result "1/2-1/2"]
[WhiteElo "2407"]
[BlackElo "2780"]
[PlyCount "111"]
[EventDate "1962.??.??"]
[Source "www.chesslib.no"]
[SourceDate "2004.05.04"]

1. g3 g6 2. Bg2 Bg7 3. d4 c5 4. c3 Qb6 5. Nf3 Nf6 6. O-O O-O 7. d5 d6 8. c4 e6 9. Nc3 exd5 10. cxd5 Nbd7 11. Nd2 Ne5 12. h3 Qa6 13. Qb3 Rb8 14. a4 Ne8 15. Ra3 f5 16. f4 Nf7 17. e4 Qa5 18. Nc4 Qd8 19. Re1 fxe4 20. Nxe4 Nc7 21. Bd2 Bf5 22. Nc3 Re8 23. Raa1 b6 24. Nb5 Nxb5 25. axb5 Rb7 26. Bc3 Rxe1+ 27. Rxe1 Re7 28. Rxe7 Qxe7 29. Bxg7 Qe1+ 30. Kh2 Kxg7 31. Qc3+ Qxc3 32. bxc3 Bd3 33. Na3 g5 34. Kg1 gxf4 35. gxf4 Kg6 36. Kf2 Kh5 37. Kg3 Nh6 38. Bf3+ Kg6 39. Kf2 Nf5 40. Bd1 Be4 41. Bf3 Bd3 42. Bd1 Ne7 43. c4 Kf5 44. Ke3 Bf1 45. Bc2+ Kf6 46. Bxh7 Nf5+ 47. Kf2 Bxh3 48. Nc2 Kg7 49. Bxf5 Bxf5 50. Ne3 Bc8 51. Kf3 Kg6 52. Kg3 a6 53. bxa6 Bxa6 54. Kg4 b5 55. cxb5 Bxb5 56. Kf3 1/2-1/2

[Event "Tch-BIH"]
[Site "Neum"]
[Date "2004.05.31"]
[Round "3"]
[White "Bistric, Faruk"]
[Black "Sokolov, Ivan"]
[Result "1-0"]
[WhiteElo "2488"]
[BlackElo "2690"]
[PlyCount "89"]
[EventDate "2004.05.29"]
[Source "Roberto Alvarez"]
[SourceDate "2004.06.07"]

1. d4 Nf6 2. Nf3 g6 3. g3 Bg7 4. Bg2 d5 5. O-O c6 6. c3 O-O 7. Nbd2 Qb6 8. Re1 c5 9. Nb3 cxd4 10. Qxd4 Nc6 11. Qxb6 axb6 12. Bf4 Bf5 13. Nfd4 Bd7 14. Red1 e6 15. h3 Ra4 16. g4 Rfa8 17. a3 Be8 18. Bh2 h5 19. g5 Nh7 20. Nf3 Nf8 21. e3 Nd7 22. Bf1 Nc5 23. Nbd4 Rc8 24. Nb5 Bd7 25. Rab1 Bf8 26. Nd6 Rca8 27. c4 Nd8 28. Rbc1 Bc6 29. Nd4 Be7 30. h4 Kf8 31. Bg2 Kg8 32. b4 Ne4 33. Nxe4 dxe4 34. Nxc6 Nxc6 35. Rd7 Rd8 36. Rxb7 f5 37. Rc7 Nxb4 38. Rxe7 Rxa3 39. Rxe6 Kf7 40. Rxb6 Nd3 41. Rcb1 Ra2 42. Bg3 Nxf2 43. Bxf2 Rdd2 44. Rf6+ Ke7 45. Rf1 1-0

[Event "Rostov"]
[Site "Rostov"]
[Date "1980.??.??"]
[Round "?"]
[White "Romanishin, Oleg M"]
[Black "Tseshkovsky, Vitaly"]
[Result "1/2-1/2"]
[WhiteElo "2580"]
[BlackElo "2595"]
[PlyCount "134"]
[EventDate "1980.??.??"]
[Source "www.chesslib.no"]
[SourceDate "2004.05.04"]

1. Nf3 g6 2. d4 Nf6 3. g3 Bg7 4. Bg2 O-O 5. O-O a6 6. b3 b5 7. Ne5 Ra7 8. a4 b4 9. Bb2 Bb7 10. d5 c5 11. e4 d6 12. Nc4 a5 13. Nbd2 Na6 14. Qe2 Re8 15. Rad1 Nc7 16. Rfe1 Ba6 17. Qf3 Bb7 18. Nf1 Ra6 19. Qd3 Qa8 20. Nfe3 Rd8 21. Qf1 e6 22. Nxd6 Raxd6 23. e5 Rxd5 24. exf6 Rxd1 25. Rxd1 Bxg2 26. Qxg2 Rxd1+ 27. Nxd1 Qd8 28. Qf3 Bh8 29. Ne3 Ne8 30. Qc6 Nxf6 31. Nc4 h5 32. Qxc5 Ne4 33. Qc6 Nc3 34. Bxc3 bxc3 35. Kg2 Bg7 36. h4 Bf8 37. Ne5 Qd4 38. Nf3 Qf6 39. Ng5 Bb4 40. Qf3 Qe7 41. Ne4 Kg7 42. Qd3 Qc7 43. Qd4+ Kf8 44. Kf3 Qc6 45. Ke3 Ke7 46. Kd3 Qa6+ 47. Qc4 Qb7 48. Ke2 Qb8 49. Qc6 Qe5 50. Kd3 f5 51. Ng5 Qd6+ 52. Qxd6+ Kxd6 53. Nf7+ Kd5 54. f4 Bc5 55. Ne5 Bf2 56. Kxc3 Bxg3 57. Nxg6 Kc5 58. Kd3 Kd5 59. Ke3 Kc5 60. Kf3 Be1 61. Ke2 Bc3 62. Nf8 Kd5 63. Kd3 Bf6 64. Ng6 Kc5 65. c3 Bd8 66. Nf8 Kd5 67. c4+ Kd6 1/2-1/2

[Event "Graz"]
[Site "Graz"]
[Date "1984.??.??"]
[Round "?"]
[White "Smyslov, Vassily"]
[Black "Sax, Gyula"]
[Result "1/2-1/2"]
[WhiteElo "2610"]
[BlackElo "2565"]
[PlyCount "41"]
[EventDate "1984.12.??"]
[Source "ChessBase"]

1. d4 Nf6 2. Nf3 g6 3. g3 Bg7 4. Bg2 O-O 5. O-O d6 6. a4 Nc6 7. Nc3 e5 8. dxe5 dxe5 9. Bg5 h6 10. Be3 Qe7 11. Qc1 Kh7 12. Rd1 Be6 13. a5 a6 14. Ne1 Rab8 15. Nd3 Nd7 16. Nd5 Bxd5 17. Bxd5 Nd4 18. Re1 e4 19. Nf4 c6 20. Ba2 Ne5 21. c3 1/2-1/2

[Event "BL9798"]
[Site "Germany"]
[Date "1998.??.??"]
[Round "?"]
[White "Eingorn, Vereslav S"]
[Black "Bologan, Viktor"]
[Result "1/2-1/2"]
[WhiteElo "2590"]
[BlackElo "2585"]
[PlyCount "107"]
[EventDate "1997.10.??"]
[Source "www.chesslib.no"]
[SourceDate "2004.05.04"]

1. Nf3 d6 2. d4 g6 3. g3 Bg7 4. Bg2 Nf6 5. O-O O-O 6. Re1 c5 7. c3 Bf5 8. Nbd2 Qc8 9. e4 Bh3 10. e5 Bxg2 11. Kxg2 dxe5 12. dxe5 Nd5 13. Qe2 Qc6 14. e6 f5 15. Nc4 Na6 16. Kg1 Nac7 17. a4 Qa6 18. Ne3 Qxe2 19. Rxe2 Rad8 20. Nxd5 Nxd5 21. Bd2 Rd6 22. Rae1 Rc8 23. h4 Nb6 24. h5 Bf6 25. Bg5 Nxa4 26. Kg2 c4 27. Bxf6 exf6 28. Nd4 a6 29. Rh1 Nc5 30. Ree1 Nd3 31. Rb1 g5 32. b4 Re8 33. b5 a5 34. b6 Rd5 35. h6 Re5 36. Rhd1 Kf8 37. Rd2 Ke7 38. Ra2 Ra8 39. Nb5 a4 40. Nc7 Raa5 41. Rba1 Kd6 42. Rxa4 Rxa4 43. Rxa4 Kc5 44. Ra5+ Kd6 45. Ra8 Ne1+ 46. Kf1 Nf3 47. Rd8+ Kc6 48. Rd1 Kxb6 49. Nd5+ Kc5 50. e7 Kc6 51. Nb4+ Kc7 52. Nd5+ Kc6 53. Nb4+ Kc7 54. Nd5+ 1/2-1/2

[Event "Corsica op"]
[Site "Bastia"]
[Date "1999.??.??"]
[Round "2"]
[White "Drazic, Sinisa"]
[Black "Smirin, Ilia"]
[Result "0-1"]
[WhiteElo "2493"]
[BlackElo "2671"]
[PlyCount "97"]
[EventDate "1999.11.??"]
[Source "www.chesslib.no"]
[SourceDate "2004.05.04"]

1. d4 Nf6 2. Nf3 g6 3. g3 Bg7 4. Bg2 O-O 5. O-O d6 6. Re1 c5 7. c3 Nc6 8. d5 Na5 9. e4 Bg4 10. Nbd2 b5 11. h3 Bxf3 12. Nxf3 Nd7 13. Bf4 Nc4 14. Qc2 Qa5 15. Bf1 Ncb6 16. Qd2 Rfd8 17. h4 Rab8 18. h5 Nf6 19. hxg6 hxg6 20. Bg5 Re8 21. Qc2 Nbd7 22. a3 Qb6 23. Bh3 Qb7 24. Rad1 a5 25. Qc1 b4 26. axb4 axb4 27. c4 Ra8 28. Kg2 Ra2 29. Re2 Rea8 30. Rh1 Ne5 31. Nxe5 dxe5 32. Bh6 Ra1 33. Qe3 Bxh6 34. Qxh6 Rxh1 35. Kxh1 Ra1+ 36. Kh2 Qa6 37. Rc2 Re1 38. Rc1 Rxc1 39. Qxc1 Nxe4 40. b3 Nxf2 41. Qe3 Nxh3 42. Qxe5 Qd6 43. Qxd6 exd6 44. Kxh3 f5 45. g4 fxg4+ 46. Kxg4 Kg7 47. Kg3 Kf6 48. Kf4 g5+ 49. Kg4 0-1

[Event "Moscow RUS"]
[Site "Moscow RUS"]
[Date "1981.??.??"]
[Round "?"]
[White "Petrosian, Tigran V"]
[Black "Kupreichik, Viktor D"]
[Result "1/2-1/2"]
[WhiteElo "2585"]
[BlackElo "2575"]
[PlyCount "62"]
[EventDate "1981.??.??"]
[Source "www.chesslib.no"]
[SourceDate "2004.05.04"]

1. Nf3 Nf6 2. g3 g6 3. Bg2 Bg7 4. O-O O-O 5. d4 d6 6. a4 Nc6 7. a5 a6 8. d5 Na7 9. Re1 c6 10. e4 e6 11. dxe6 Bxe6 12. c3 Re8 13. Nbd2 d5 14. exd5 Bxd5 15. Rxe8+ Qxe8 16. Nf1 Rd8 17. Be3 Nb5 18. N1d2 Ng4 19. Bb6 Rd7 20. Qf1 Ne5 21. Re1 Re7 22. Nxe5 Rxe5 23. Rxe5 Qxe5 24. Qd3 h5 25. Bf1 Be6 26. Qd8+ Bf8 27. c4 Nd6 28. Nf3 Qf5 29. Nd4 Qe5 30. Nf3 Qf5 31. Nd4 Qe5 1/2-1/2

[Event "EuClub Cup Final Bud"]
[Site "EuClub Cup Final Bud"]
[Date "1996.??.??"]
[Round "2"]
[White "Teske, Henrik"]
[Black "Khalifman, Alexander V"]
[Result "1/2-1/2"]
[WhiteElo "2510"]
[BlackElo "2650"]
[PlyCount "25"]
[EventDate "1996.??.??"]
[Source "www.chesslib.no"]
[SourceDate "2004.05.04"]

1. d4 Nf6 2. Nf3 g6 3. g3 e6 4. Bg2 Ng4 5. Kf1 d5 6. Nbd2 Be7 7. c3 Bd7 8. Kg1 Bh4 9. h3 Nh2 10. Ne5 Ba4 11. Kxh2 a5 12. Ndf3 Bc6 13. e3 1/2-1/2

[Event "Memorial Xose Enrique Rodriguez Pena"]
[Site "Ourense SPA"]
[Date "2007.06.12"]
[Round "6"]
[White "Strikovic, A."]
[Black "Nataf, IA."]
[Result "1-0"]
[WhiteElo "2563"]
[BlackElo "2596"]
[PlyCount "113"]
[EventDate "2007.06.07"]
[Source "www.chesslib.no"]
[SourceDate "2004.05.04"]

1. Nf3 Nf6 2. g3 g6 3. b3 Bg7 4. Bb2 d6 5. d4 O-O 6. Bg2 a5 7. Nc3 d5 8. Ne5 c6 9. Qd2 Nbd7 10. f4 Qb6 11. O-O-O Qa6 12. a4 e6 13. e4 Rd8 14. Qf2 Nf8 15. g4 b5 16. exd5 exd5 17. axb5 cxb5 18. g5 b4 19. Na4 Nh5 20. Bf1 Qd6 21. Bd3 Ne6 22. f5 Nef4 23. f6 Bf8 24. Kb1 Qc7 25. Rhe1 Bd6 26. Qf3 Be6 27. Bf1 Bf5 28. Rc1 Ne6 29. h4 Nef4 30. Ka2 Bxe5 31. Rxe5 Bd7 32. c4 Bxa4 33. bxa4 b3+ 34. Qxb3 Rab8 35. Qa3 Rb4 36. cxd5 Qb7 37. d6 Nd5 38. Bb5 Nhf4 39. d7 Ne6 40. Bc6 Rxb2+ 41. Qxb2 Nb4+ 42. Ka1 Qa7 43. d5 Nf8 44. Re8 Rxd7 45. Qc3 Qf2 46. Qb2 Qf5 47. Qe5 Qxe5+ 48. Rxe5 Rd8 49. Re8 Nxc6 50. Rxd8 Nxd8 51. Rc7 h6 52. gxh6 Nh7 53. Rc8 Nxf6 54. Rxd8+ Kh7 55. d6 Kxh6 56. d7 Kg7 57. Kb2 1-0

[Event "BL 0607 SV Mülheim Nord - SC Remagen"]
[Site "Germania"]
[Date "2007.02.03"]
[Round "8.4"]
[White "Fridman, Daniel"]
[Black "Degraeve, Jean-Marc"]
[Result "1-0"]
[WhiteElo "2604"]
[BlackElo "2551"]
[PlyCount "83"]
[EventDate "2006.10.28"]
[Source "www.chesslib.no"]
[SourceDate "2004.05.04"]

1. Nf3 g6 2. d4 Nf6 3. g3 c5 4. c3 Qa5 5. e3 Bg7 6. Bg2 O-O 7. O-O d6 8. Nbd2 Nc6 9. d5 Nb8 10. e4 b5 11. e5 dxe5 12. Nxe5 Bb7 13. Nb3 Qc7 14. Ng4 Nxg4 15. Qxg4 Nd7 16. Bf4 Be5 17. Bxe5 Nxe5 18. Qe2 Nc4 19. Rfe1 Rfe8 20. a4 a6 21. axb5 axb5 22. Rxa8 Bxa8 23. h4 Rd8 24. Qxe7 Qxe7 25. Rxe7 Bxd5 26. Nxc5 Bxg2 27. Kxg2 Nxb2 28. Rb7 Na4 29. Ne4 Rc8 30. Nd6 Rc5 31. Rxb5 Rc6 32. Rb8+ Kg7 33. Rd8 Nxc3 34. Rd7 Kf6 35. Nxf7 Ne4 36. Kf3 Nc5 37. Ra7 Ne6 38. Nh6 Rc7 39. Ra6 Rc3+ 40. Kg2 Rc2 41. Ng4+ Ke7 42. Ne3 1-0

[Event "GMA Baleares Open"]
[Site "Palma de Majorca ESP"]
[Date "1989.??.??"]
[Round "6"]
[White "Romanishin, Oleg M"]
[Black "Gelfand, Boris"]
[Result "1/2-1/2"]
[WhiteElo "2555"]
[BlackElo "2600"]
[PlyCount "56"]
[EventDate "1989.12.??"]
[Source "www.chesslib.no"]
[SourceDate "2004.05.04"]

1. d4 Nf6 2. Nf3 g6 3. g3 Bg7 4. Bg2 O-O 5. O-O c5 6. dxc5 Na6 7. Be3 Qc7 8. c4 Nxc5 9. Nc3 b6 10. Rc1 Bb7 11. Bd4 Rac8 12. Nd5 Nxd5 13. cxd5 Qd6 14. Bxg7 Kxg7 15. Nd4 Qe5 16. Rc3 f5 17. Re3 Qf6 18. Nb5 a5 19. Qd2 Ba6 20. Nd4 e5 21. dxe6 dxe6 22. Nxe6+ Nxe6 23. Qd7+ Rf7 24. Qxe6 Qxe6 25. Rxe6 Rf6 26. Re7+ Rf7 27. Re6 Rf6 28. Re7+ Rf7 1/2-1/2